| 000 | 00303 a2200121 4500 | ||
|---|---|---|---|
| 001 | 63596 | ||
| 082 | _a297.5 ISM | ||
| 090 |
_c37591 _d37591 |
||
| 100 | _aShah Muhammad Ismail Shaheed | ||
| 245 |
_aMajmooa taqweeyatul Emaan maya Tazkiratul Akhwaan _hUrdu |
||
| 260 | _bNoor Muhammad | ||
| 300 | _a466p | ||
| 942 |
_aCAE NUST _k297.5 ISM |
||
| 999 |
_c298669 _d298669 |
||